000 00868nmc a2200265 a 4500
003 AR-BaBNM
005 20251128205050.0
008 306019s1991 ||||||||||||||000 | spa||
020 _a950-557-120-8
040 _cAR-BaBNM
100 1 _aChiaramonte, José Carlos
245 1 0 _aMercaderes del Litoral
_beconomía y sociedad en la provincia de Corrientes, primera mitad del siglo XIX
250 _a1ª ed.
260 _aBuenos Aires
_bFondo de Cultura Económica
_c1991
300 0 _a275 p.
_btablas, gráfs., mapas
490 0 _aSección de obras de historia
500 0 _aContiene un apéndice sobre "El neomercantilismo italiano en Hispanoamérica"
650 4 _aHISTORIA ARGENTINA
650 4 _aHISTORIA CORRENTINA
650 4 _aHISTORIA ECONOMICA
650 4 _aHISTORIA AGROPECUARIA
650 4 _aSIGLO DIECINUEVE
942 _cBK
998 _cEnrique
999 _c9841
_d9841